| 000 | 00777nam a22002417a 4500 | ||
|---|---|---|---|
| 008 | 131116b xxu||||| |||| 00| 0 eng d | ||
| 020 | _a81-204-1487-X | ||
| 024 | _cAvailable | ||
| 037 | _cAvaialble | ||
| 040 |
_aMBSTU LBIRARY _dMBSTU LBIRARY |
||
| 082 |
_222 _a363.739 JAB |
||
| 100 | _aJamil, Kaiser. | ||
| 245 | _aBioindicators and biomarkers of environmental pollution. | ||
| 260 |
_aNew Delhi _bOxford & IBH Pub. _c2001 |
||
| 300 |
_a24 cm. _b204 page _f1 _g24 cm. |
||
| 600 | _2Pollution of specific environment. | ||
| 650 | _2Pollution of specific environment. | ||
| 700 | _aJamil, Kaiser. | ||
| 270 |
_aNew Delhi _bNew Delhi _dIndia |
||
| 365 |
_b1223.00 _d1223.00 |
||
| 942 |
_2ddc _cBK |
||
| 999 |
_c841 _d841 |
||